000 00671nam0a22002531 4500
001 RU\NLR\INFOCOMM16\ROSSICA\1000472741
005 20250613185513.0
035 _a(NLR Aleph) 009888576
090 _a10508150
_c10508150
100 _a20030814d1878 |||y0rusy50 ca
101 0 _alat
102 _aRU
105 _ay ||||000ay
200 1 _aAd denda et emendanda ad plantas Raddeanas Monopetalas
_fHerder, F.ab
210 _aМосква
_d1878
215 _d
700 1 _aHerder
_bF.
_4070
801 1 _aRU
_bInfoComm
_c20030814
801 0 _aRU
_bNLR
_gPSBO
852 _aNLR
_j4.50.11, Cart.C.10
942 _cBOOK
980 _aNB
980 _aRossica